[Event "1st Lasker Memorial GM 2019"]
[Site "Anogia"]
[Date "2019.09.16"]
[Round "6.4"]
[White "Nikolaidis, Ioannis"]
[Black "Hristodoulou, Panagiotis"]
[Result "1-0"]
[WhiteElo "2530"]
[BlackElo "2280"]
[Annotator "ChessBase"]
[PlyCount "77"]
[EventDate "2019.09.11"]
[EventType "tourn"]
[EventCountry "GRE"]
[SourceTitle "playchess.com"]
[Source "ChessBase"]
[SourceQuality "1"]
[TimeControl "40/5400+30:1800+30"]

1. d4 {[%emt 0:01:55]} d5 {[%emt 0:00:00]} 2. c4 {[%emt 0:00:25]} e6 {[%emt 0:00:00]} 3. Nc3 {[%emt 0:00:55]} c6 {[%emt 0:00:06]} 4. e3 {[%emt 0:00:35]} Nf6 {[%emt 0:00:11]} 5. Nf3 {[%emt 0:00:16]} Nbd7 {[%emt 0:00:10]} 6. Bd3 {[%emt 0:01:23]} dxc4 {[%emt 0:00:16]} 7. Bxc4 {[%emt 0:00:03]} b5 {[%emt 0:00:13]} 8. Be2 {[%emt 0:00:39]} Bb7 {[%emt 0:01:45]} 9. O-O {[%emt 0:00:44]} Be7 {[%emt 0:00:17]} 10. a3 {[%emt 0:20:16]} a5 {[%emt 0:00:20]} 11. b3 {[%emt 0:03:28]} O-O {[%emt 0:01:20]} 12. Bb2 {[%emt 0:01:17]} Qb8 {[%emt 0:02:41]} 13. Rc1 {[%emt 0:08:00]} Rc8 {[%emt 0:03:33]} 14. h3 {[%emt 0:03:30]} h6 {[%emt 0:02:40]} 15. Qd3 {[%emt 0:12:08]} Ba6 {[%emt 0:29:20]} 16. Qb1 {[%emt 0:03:31]} b4 {[%emt 0:02:39]} 17. Bxa6 {[%emt 0:02:00]} bxc3 {[%emt 0:00:45]} 18. Bxc8 {[%emt 0:00:42]} cxb2 {[%emt 0:00:17]} 19. Rxc6 {[%emt 0:03:41]} Qxb3 {[%emt 0:06:52]} 20. Bxd7 {[%emt 0:03:46]} Nxd7 {[%emt 0:00:15]} 21. Nd2 {[%emt 0:06:53]} Qb5 {[%emt 0:21:50]} 22. Rc2 {[%emt 0:04:17]} Bxa3 {[%emt 0:00:33]} 23. Nc4 {[%emt 0:01:23]} Bb4 {[%emt 0:00:31]} 24. Nxb2 {[%emt 0:00:45]} Nb6 {[%emt 0:03:35]} 25. Nd3 {[%emt 0:01:37]} Rb8 {[%emt 0:05:26]} 26. Rc5 {[%emt 0:02:21]} Qa4 {[%emt 0:00:21]} 27. Nxb4 {[%emt 0:00:14]} axb4 {[%emt 0:00:06]} 28. Qa1 {[%emt 0:02:14]} Qd7 {[%emt 0:01:54]} 29. Rb1 {[%emt 0:02:23]} Nd5 {[%emt 0:00:33]} 30. Ra5 {[%emt 0:02:30]} f5 {[%emt 0:04:21]} 31. Qa4 {[%emt 0:02:35]} Qd8 {[%emt 0:07:58]} 32. Rxd5 {[%emt 0:04:37]} Qxd5 {[%emt 0:00:26]} 33. Rxb4 {[%emt 0:00:02]} Ra8 {[%emt 0:00:39]} 34. Qd1 {[%emt 0:00:24]} Kh7 {[%emt 0:03:27]} 35. Qb1 {[%emt 0:01:15]} Kg8 {[%emt 0:01:37]} 36. Rb5 {[%emt 0:01:03]} Qa2 {[%emt 0:00:31]} 37. Rb8+ {[%emt 0:00:40]} Kh7 {[%emt 0:00:08]} 38. Qxa2 {[%emt 0:00:20]} Rxa2 {[%emt 0:00:04]} 39. Rb6 {[%emt 0:00:14]} 1-0

[Event "1st Lasker Memorial GM 2019"]
[Site "Anogia"]
[Date "2019.09.16"]
[Round "6.5"]
[White "Rozentalis, Eduardas"]
[Black "Beerdsen, Thomas"]
[Result "1-0"]
[WhiteElo "2533"]
[BlackElo "2482"]
[Annotator "ChessBase"]
[PlyCount "79"]
[EventDate "2019.09.11"]
[EventType "tourn"]
[EventCountry "GRE"]
[SourceTitle "playchess.com"]
[Source "ChessBase"]
[SourceQuality "1"]
[TimeControl "40/5400+30:1800+30"]

1. e4 {[%emt 0:00:00]} c5 {[%emt 0:03:56]} 2. Nf3 {[%emt 0:00:00]} e6 {[%emt 0:00:06]} 3. g3 {[%emt 0:00:21]} Nc6 {[%emt 0:00:05]} 4. Bg2 {[%emt 0:00:26]} Nf6 {[%emt 0:00:07]} 5. d3 {[%emt 0:01:52]} d5 {[%emt 0:01:24]} 6. Nbd2 {[%emt 0:00:17]} Be7 {[%emt 0:00:26]} 7. O-O {[%emt 0:00:14]} b6 {[%emt 0:02:48]} 8. Re1 {[%emt 0:01:14]} Qc7 {[%emt 0:01:04]} 9. c3 {[%emt 0:03:20]} Bb7 {[%emt 0:00:49]} 10. a3 {[%emt 0:03:48]} O-O-O {[%emt 0:01:20]} 11. e5 {[%emt 0:05:08]} Nd7 {[%emt 0:00:52]} 12. d4 {[%emt 0:00:05]} g5 {[%emt 0:00:38]} 13. h3 {[%emt 0:02:39]} h5 {[%emt 0:01:24]} 14. Nf1 {[%emt 0:00:27]} Rdg8 {[%emt 0:01:00]} 15. b4 {[%emt 0:00:45]} c4 {[%emt 0:04:04]} 16. a4 {[%emt 0:08:11]} Kb8 {[%emt 0:05:51]} 17. b5 {[%emt 0:03:28]} Na5 {[%emt 0:00:31]} 18. Ba3 {[%emt 0:00:10]} Nf8 {[%emt 0:04:10]} 19. Bxe7 {[%emt 0:12:19]} Qxe7 {[%emt 0:00:06]} 20. N3h2 {[%emt 0:00:07]} Rg7 {[%emt 0:08:29]} 21. Ra2 {[%emt 0:02:11]} Bc8 {[%emt 0:04:19]} 22. Qf3 {[%emt 0:04:52]} Nd7 {[%emt 0:03:31]} 23. Qe3 {[%emt 0:01:49]} Bb7 {[%emt 0:06:08]} 24. Nf3 {[%emt 0:04:21]} Nf8 {[%emt 0:06:37]} 25. N1h2 {[%emt 0:01:38]} g4 {[%emt 0:03:29]} 26. hxg4 {[%emt 0:02:26]} hxg4 {[%emt 0:00:06]} 27. Nh4 {[%emt 0:01:01]} Ng6 {[%emt 0:00:30]} 28. Nxg6 {[%emt 0:01:07]} Rxg6 {[%emt 0:00:05]} 29. Qf4 {[%emt 0:01:10]} Rh5 {[%emt 0:00:25]} 30. Nf1 {[%emt 0:03:26]} Qf8 {[%emt 0:05:38]} 31. Ne3 {[%emt 0:03:27]} Qg7 {[%emt 0:01:10]} 32. Rd2 {[%emt 0:05:01]} Nb3 {[%emt 0:03:07]} 33. Rdd1 {[%emt 0:01:03]} Qh7 {[%emt 0:01:49]} 34. Kf1 {[%emt 0:01:58]} Kc8 {[%emt 0:05:46]} 35. Ke2 {[%emt 0:09:08]} f6 {[%emt 0:12:18]} 36. Rh1 {[%emt 0:04:59]} Rxh1 {[%emt 0:02:43]} 37. Rxh1 {[%emt 0:01:17]} Rh6 {[%emt 0:09:10]} 38. Be4 {[%emt 0:00:57]} Nc1+ {[%emt 0:01:12]} 39. Kd2 {[%emt 0:00:26]} Nb3+ {[%emt 0:00:53]} 40. Kc2 {[%emt 0:00:00]} 1-0

[Event "1st Lasker Memorial GM 2019"]
[Site "Anogia"]
[Date "2019.09.17"]
[Round "7.1"]
[White "Beerdsen, Thomas"]
[Black "Avramidou, Anastasia"]
[Result "1-0"]
[WhiteElo "2482"]
[BlackElo "2249"]
[Annotator "ChessBase"]
[PlyCount "91"]
[EventDate "2019.09.11"]
[EventType "tourn"]
[EventCountry "GRE"]
[SourceTitle "playchess.com"]
[Source "ChessBase"]
[SourceQuality "1"]
[TimeControl "40/5400+30:1800+30"]

1. e4 {[%emt 0:03:07]} c5 {[%emt 0:00:00]} 2. b4 {[%emt 0:00:41]} cxb4 {[%emt 0:00:00]} 3. a3 {[%emt 0:00:03]} d5 {[%emt 0:02:53]} 4. exd5 {[%emt 0:00:15]} Qxd5 {[%emt 0:00:57]} 5. Nf3 {[%emt 0:00:26]} Bg4 {[%emt 0:02:22]} 6. axb4 {[%emt 0:01:40]} Nc6 {[%emt 0:02:35]} 7. c3 {[%emt 0:07:29]} Nf6 {[%emt 0:07:16]} 8. Be2 {[%emt 0:11:54]} e5 {[%emt 0:03:50]} 9. d3 {[%emt 0:08:13]} Be7 {[%emt 0:03:26]} 10. O-O {[%emt 0:10:57]} O-O {[%emt 0:00:21]} 11. Nbd2 {[%emt 0:02:37]} Rfd8 {[%emt 0:07:13]} 12. Re1 {[%emt 0:13:14]} Bf8 {[%emt 0:04:57]} 13. Bb2 {[%emt 0:04:38]} b5 {[%emt 0:18:21]} 14. c4 {[%emt 0:06:47]} bxc4 {[%emt 0:04:58]} 15. dxc4 {[%emt 0:00:10]} Qd7 {[%emt 0:00:13]} 16. b5 {[%emt 0:02:23]} Nb4 {[%emt 0:00:29]} 17. Bxe5 {[%emt 0:03:28]} Qf5 {[%emt 0:07:45]} 18. h3 {[%emt 0:05:55]} Bxf3 {[%emt 0:01:44]} 19. Bxf3 {[%emt 0:00:05]} Nd3 {[%emt 0:01:35]} 20. Bg3 {[%emt 0:04:12]} Rac8 {[%emt 0:03:39]} 21. Qb1 {[%emt 0:05:05]} Bc5 {[%emt 0:07:21]} 22. Kh2 {[%emt 0:00:35]} Qg5 {[%emt 0:05:38]} 23. Ne4 {[%emt 0:02:21]} Nxe4 {[%emt 0:00:09]} 24. Rxe4 {[%emt 0:00:03]} Bxf2 {[%emt 0:02:57]} 25. Rg4 {[%emt 0:00:34]} Bxg3+ {[%emt 0:00:08]} 26. Rxg3 {[%emt 0:00:03]} Qe5 {[%emt 0:01:15]} 27. Rxa7 {[%emt 0:00:40]} h5 {[%emt 0:08:02]} 28. Bxh5 {[%emt 0:00:36]} Qxh5 {[%emt 0:03:01]} 29. Rxd3 {[%emt 0:00:05]} Qe5+ {[%emt 0:00:07]} 30. Kh1 {[%emt 0:02:26]} Qe2 {[%emt 0:00:59]} 31. Rc7 {[%emt 0:01:42]} g6 {[%emt 0:00:43]} 32. Rxc8 {[%emt 0:00:24]} Rxc8 {[%emt 0:00:01]} 33. b6 {[%emt 0:01:23]} Rb8 {[%emt 0:00:07]} 34. c5 {[%emt 0:00:15]} Qf2 {[%emt 0:00:25]} 35. Rc3 {[%emt 0:01:00]} Re8 {[%emt 0:00:04]} 36. Rc1 {[%emt 0:00:36]} Re3 {[%emt 0:01:19]} 37. b7 {[%emt 0:01:42]} Rxh3+ {[%emt 0:00:05]} 38. gxh3 {[%emt 0:00:03]} Qf3+ {[%emt 0:00:08]} 39. Kg1 {[%emt 0:00:07]} Qg3+ {[%emt 0:00:05]} 40. Kf1 {[%emt 0:00:00]} Qxh3+ {[%emt 0:00:00]} 41. Ke2 {[%emt 0:00:13]} Qg2+ {[%emt 0:00:17]} 42. Ke3 {[%emt 0:00:22]} Qg3+ {[%emt 0:00:13]} 43. Kd4 {[%emt 0:00:06]} Qf4+ {[%emt 0:00:31]} 44. Kd5 {[%emt 0:00:13]} Qd2+ {[%emt 0:00:15]} 45. Kc6 {[%emt 0:00:09]} Qg2+ {[%emt 0:00:05]} 46. Kb6 {[%emt 0:00:05]} 1-0

[Event "1st Lasker Memorial GM 2019"]
[Site "Anogia"]
[Date "2019.09.17"]
[Round "7.2"]
[White "Hristodoulou, Panagiotis"]
[Black "Rozentalis, Eduardas"]
[Result "0-1"]
[WhiteElo "2280"]
[BlackElo "2533"]
[Annotator "RC"]
[PlyCount "60"]
[EventDate "2019.09.11"]
[EventType "tourn"]
[EventCountry "GRE"]
[SourceTitle "playchess.com"]
[Source "ChessBase"]
[SourceQuality "1"]
[TimeControl "40/5400+30:1800+30"]

1. e4 {[%emt 0:00:00]} c6 {[%emt 0:00:00]} 2. d4 {[%emt 0:00:04]} d5 {[%emt 0:00:00]} 3. Nd2 {[%emt 0:00:17]} Qc7 {[%emt 0:01:05]} 4. Ngf3 {[%emt 0:02:21]} Bg4 {[%emt 0:00:55]} 5. Bd3 {[%emt 0:02:22]} e6 {[%emt 0:01:04]} 6. O-O {[%emt 0:01:05]} Nd7 {[%emt 0:00:44]} 7. Re1 {[%emt 0:00:30]} dxe4 {[%emt 0:04:17]} 8. Nxe4 {[%emt 0:00:18]} Ngf6 {[%emt 0:00:05]} 9. Bg5 {[%emt 0:21:11]} Be7 {[%emt 0:02:55]} 10. Ng3 {[%emt 0:14:39]} c5 {[%emt 0:06:51]} 11. dxc5 {[%emt 0:03:46]} Bxc5 {[%emt 0:01:05]} 12. Be3 {[%emt 0:06:02]} O-O-O {[%emt 0:03:46]} 13. Qe2 {[%emt 0:07:05]} Nd5 {[%emt 0:11:32]} 14. Ne4 {[%emt 0:03:53]} Nxe3 {[%emt 0:08:43]} 15. fxe3 {[%emt 0:01:02]} Ne5 {[%emt 0:00:25]} 16. Rf1 {[%emt 0:06:25]} Bb6 {[%emt 0:04:54]} 17. Kh1 {[%emt 0:00:30]} Kb8 {[%emt 0:01:29]} 18. a4 {[%emt 0:01:53]} f5 {[%emt 0:03:58]} 19. Nc3 {[%emt 0:01:45]} Qc5 {[%emt 0:02:40]} 20. Rae1 {[%emt 0:04:38]} h5 {[%emt 0:04:17]} 21. Qd2 {[%emt 0:02:27]} Bxf3 {[%emt 0:02:24]} 22. gxf3 {[%emt 0:00:36]} g5 {[%emt 0:00:20]} 23. Qe2 {[%emt 0:01:21]} g4 {[%emt 0:03:00]} 24. f4 {[%emt 0:00:13]} Nf3 {[%emt 0:01:01]} 25. Rxf3 {[%emt 0:00:05]} gxf3 {[%emt 0:00:04]} 26. Qxf3 {[%emt 0:00:03]} h4 {[%emt 0:00:39]} 27. Nb5 {[%emt 0:01:10]} Rhg8 {[%emt 0:01:16]} 28. Nc3 {[%emt 0:03:16]} Rg7 {[%emt 0:01:29]} 29. Nb5 {[%emt 0:01:02]} Rdg8 {[%emt 0:05:19]} 30. c3 {[%emt 0:01:53]} Qxe3 {[%emt 0:01:14]} 0-1

[Event "1st Lasker Memorial GM 2019"]
[Site "Anogia"]
[Date "2019.09.17"]
[Round "7.4"]
[White "Bronstein, Or"]
[Black "Alexakis, Dimitrios"]
[Result "1-0"]
[WhiteElo "2404"]
[BlackElo "2077"]
[Annotator "ChessBase"]
[PlyCount "77"]
[EventDate "2019.09.11"]
[EventType "tourn"]
[EventCountry "GRE"]
[SourceTitle "playchess.com"]
[Source "ChessBase"]
[SourceQuality "1"]
[TimeControl "40/5400+30:1800+30"]

1. d4 {[%emt 0:00:00]} Nf6 {[%emt 0:06:51]} 2. c4 {[%emt 0:00:00]} g6 {[%emt 0:00:08]} 3. Nc3 {[%emt 0:00:00]} Bg7 {[%emt 0:00:31]} 4. e4 {[%emt 0:00:04]} d6 {[%emt 0:00:03]} 5. h3 {[%emt 0:01:52]} O-O {[%emt 0:00:06]} 6. Bg5 {[%emt 0:00:14]} c5 {[%emt 0:00:45]} 7. d5 {[%emt 0:00:32]} e6 {[%emt 0:00:52]} 8. Bd3 {[%emt 0:03:02]} exd5 {[%emt 0:04:47]} 9. exd5 {[%emt 0:00:58]} Nbd7 {[%emt 0:01:47]} 10. Nf3 {[%emt 0:01:08]} Re8+ {[%emt 0:00:26]} 11. Be3 {[%emt 0:00:40]} Bh6 {[%emt 0:19:18]} 12. O-O {[%emt 0:02:07]} Bxe3 {[%emt 0:05:45]} 13. fxe3 {[%emt 0:00:07]} a6 {[%emt 0:05:37]} 14. e4 {[%emt 0:12:48]} Kg7 {[%emt 0:27:01]} 15. Qd2 {[%emt 0:07:14]} b6 {[%emt 0:07:39]} 16. Rf2 {[%emt 0:02:57]} Ra7 {[%emt 0:00:33]} 17. Raf1 {[%emt 0:00:08]} Ng8 {[%emt 0:00:31]} 18. Ne2 {[%emt 0:13:15]} Ne5 {[%emt 0:00:43]} 19. Nxe5 {[%emt 0:00:56]} Rxe5 {[%emt 0:00:01]} 20. b4 {[%emt 0:02:12]} h5 {[%emt 0:03:41]} 21. Qb2 {[%emt 0:03:53]} Nh6 {[%emt 0:02:35]} 22. Nf4 {[%emt 0:05:07]} Rae7 {[%emt 0:02:43]} 23. Rb1 {[%emt 0:12:58]} Kh7 {[%emt 0:03:28]} 24. bxc5 {[%emt 0:00:42]} bxc5 {[%emt 0:00:01]} 25. Qb8 {[%emt 0:00:14]} Rc7 {[%emt 0:02:27]} 26. Rb6 {[%emt 0:10:16]} Re8 {[%emt 0:00:15]} 27. Nxh5 {[%emt 0:07:52]} gxh5 {[%emt 0:00:37]} 28. Rxd6 {[%emt 0:00:06]} Rd7 {[%emt 0:02:28]} 29. Rdf6 {[%emt 0:00:32]} Qc7 {[%emt 0:00:48]} 30. Qb2 {[%emt 0:01:19]} Qe5 {[%emt 0:01:19]} 31. Qc1 {[%emt 0:01:02]} Ng8 {[%emt 0:00:45]} 32. R6f5 {[%emt 0:00:10]} Qd4 {[%emt 0:00:26]} 33. Qg5 {[%emt 0:03:43]} Qg7 {[%emt 0:00:50]} 34. Qxh5+ {[%emt 0:00:24]} Qh6 {[%emt 0:00:21]} 35. e5 {[%emt 0:01:49]} Qxh5 {[%emt 0:00:48]} 36. Rxh5+ {[%emt 0:00:02]} Kg7 {[%emt 0:00:04]} 37. Rh7+ {[%emt 0:00:28]} Kf8 {[%emt 0:00:01]} 38. e6 {[%emt 0:00:09]} Nh6 {[%emt 0:01:09]} 39. exd7 {[%emt 0:00:27]} 1-0

[Event "1st Lasker Memorial GM 2019"]
[Site "Anogia"]
[Date "2019.09.17"]
[Round "7.5"]
[White "Colijn, Stefan"]
[Black "Alexakis, Georgios"]
[Result "1-0"]
[WhiteElo "2329"]
[BlackElo "2175"]
[Annotator "ChessBase"]
[PlyCount "87"]
[EventDate "2019.09.11"]
[EventType "tourn"]
[EventCountry "GRE"]
[SourceTitle "playchess.com"]
[Source "ChessBase"]
[SourceQuality "1"]
[TimeControl "40/5400+30:1800+30"]

1. e4 {[%emt 0:04:12]} c5 {[%emt 0:00:00]} 2. Nf3 {[%emt 0:00:13]} Nc6 {[%emt 0:00:31]} 3. c3 {[%emt 0:00:31]} d5 {[%emt 0:00:53]} 4. exd5 {[%emt 0:00:17]} Qxd5 {[%emt 0:00:07]} 5. d4 {[%emt 0:00:09]} Bf5 {[%emt 0:05:15]} 6. Be3 {[%emt 0:01:37]} cxd4 {[%emt 0:03:01]} 7. Nxd4 {[%emt 0:06:57]} Nxd4 {[%emt 0:06:46]} 8. cxd4 {[%emt 0:00:34]} a6 {[%emt 0:03:29]} 9. Nc3 {[%emt 0:03:45]} Qd7 {[%emt 0:00:50]} 10. Na4 {[%emt 0:00:55]} Qd6 {[%emt 0:05:02]} 11. Nc5 {[%emt 0:06:38]} Nf6 {[%emt 0:03:53]} 12. Qb3 {[%emt 0:13:23]} Rb8 {[%emt 0:07:06]} 13. Rc1 {[%emt 0:03:27]} Be4 {[%emt 0:13:33]} 14. Nxe4 {[%emt 0:02:23]} Nxe4 {[%emt 0:00:19]} 15. g3 {[%emt 0:03:40]} e6 {[%emt 0:03:24]} 16. a3 {[%emt 0:01:48]} Qd7 {[%emt 0:03:24]} 17. Bxa6 {[%emt 0:01:53]} Nd6 {[%emt 0:01:50]} 18. Bf4 {[%emt 0:02:42]} Be7 {[%emt 0:06:01]} 19. Bb5 {[%emt 0:14:39]} Nxb5 {[%emt 0:01:06]} 20. Bxb8 {[%emt 0:00:03]} Nxd4 {[%emt 0:04:07]} 21. Qc4 {[%emt 0:04:23]} O-O {[%emt 0:00:36]} 22. Ba7 {[%emt 0:02:32]} Nf3+ {[%emt 0:01:45]} 23. Ke2 {[%emt 0:00:11]} Ne5 {[%emt 0:02:23]} 24. Qb3 {[%emt 0:01:04]} b5 {[%emt 0:03:21]} 25. Be3 {[%emt 0:01:40]} Qb7 {[%emt 0:02:53]} 26. Bf4 {[%emt 0:02:19]} Nc4 {[%emt 0:04:01]} 27. f3 {[%emt 0:00:05]} e5 {[%emt 0:05:36]} 28. Rxc4 {[%emt 0:01:15]} exf4 {[%emt 0:00:50]} 29. Rxf4 {[%emt 0:00:43]} Bc5 {[%emt 0:02:44]} 30. Re4 {[%emt 0:00:32]} Ba7 {[%emt 0:01:27]} 31. Rd1 {[%emt 0:05:53]} Qb6 {[%emt 0:01:02]} 32. Rd7 {[%emt 0:00:56]} Qf2+ {[%emt 0:01:36]} 33. Kd1 {[%emt 0:00:05]} Bc5 {[%emt 0:03:00]} 34. Re8 {[%emt 0:02:40]} Qg1+ {[%emt 0:01:35]} 35. Kc2 {[%emt 0:00:16]} Qxh2+ {[%emt 0:00:35]} 36. Kb1 {[%emt 0:00:09]} Qh5 {[%emt 0:00:16]} 37. Rxf8+ {[%emt 0:04:48]} Bxf8 {[%emt 0:00:05]} 38. Qd5 {[%emt 0:00:20]} Qg6+ {[%emt 0:00:47]} 39. Ka2 {[%emt 0:00:05]} h5 {[%emt 0:00:17]} 40. Qxb5 {[%emt 0:00:00]} Bd6 {[%emt 0:00:00]} 41. Rd8+ {[%emt 0:06:53]} Kh7 {[%emt 0:01:50]} 42. g4 {[%emt 0:02:22]} Qe6+ {[%emt 0:03:36]} 43. Qb3 {[%emt 0:00:09]} Qe7 {[%emt 0:00:06]} 44. Qd3+ {[%emt 0:00:05]} 1-0

[Event "1st Lasker Memorial GM 2019"]
[Site "Anogia"]
[Date "2019.09.18"]
[Round "8.1"]
[White "Avramidou, Anastasia"]
[Black "Alexakis, Georgios"]
[Result "1-0"]
[WhiteElo "2249"]
[BlackElo "2175"]
[Annotator "NA"]
[PlyCount "123"]
[EventDate "2019.09.11"]
[EventType "tourn"]
[EventCountry "GRE"]
[SourceTitle "playchess.com"]
[Source "ChessBase"]
[SourceQuality "1"]
[TimeControl "40/5400+30:1800+30"]

1. Nf3 {[%emt 0:01:12]} Nf6 {[%emt 0:00:00]} 2. c4 {[%emt 0:00:20]} e6 {[%emt 0:01:15]} 3. g3 {[%emt 0:00:46]} d5 {[%emt 0:00:30]} 4. d4 {[%emt 0:00:15]} Bb4+ {[%emt 0:00:57]} 5. Bd2 {[%emt 0:01:05]} Bd6 {[%emt 0:01:45]} 6. Nc3 {[%emt 0:00:47]} c6 {[%emt 0:03:37]} 7. Bg2 {[%emt 0:01:08]} Nbd7 {[%emt 0:00:52]} 8. b3 {[%emt 0:01:04]} O-O {[%emt 0:00:42]} 9. O-O {[%emt 0:00:07]} b6 {[%emt 0:02:49]} 10. Qc2 {[%emt 0:01:28]} Bb7 {[%emt 0:01:51]} 11. Rad1 {[%emt 0:02:36]} Rc8 {[%emt 0:10:12]} 12. e4 {[%emt 0:03:04]} dxe4 {[%emt 0:00:34]} 13. Nxe4 {[%emt 0:00:09]} Nxe4 {[%emt 0:00:32]} 14. Qxe4 {[%emt 0:00:09]} Qc7 {[%emt 0:06:10]} 15. Qh4 {[%emt 0:10:03]} c5 {[%emt 0:09:50]} 16. Bc3 {[%emt 0:01:29]} Bxf3 {[%emt 0:04:52]} 17. Bxf3 {[%emt 0:00:10]} cxd4 {[%emt 0:01:17]} 18. Rxd4 {[%emt 0:04:11]} Ne5 {[%emt 0:00:56]} 19. Bg2 {[%emt 0:00:08]} Ng6 {[%emt 0:05:46]} 20. Qe4 {[%emt 0:00:21]} Be5 {[%emt 0:01:03]} 21. Rd3 {[%emt 0:00:17]} Bxc3 {[%emt 0:06:21]} 22. Rxc3 {[%emt 0:00:16]} Rfd8 {[%emt 0:00:04]} 23. b4 {[%emt 0:05:44]} Qd6 {[%emt 0:15:48]} 24. a3 {[%emt 0:00:41]} a5 {[%emt 0:07:24]} 25. Rb1 {[%emt 0:06:48]} axb4 {[%emt 0:00:05]} 26. axb4 {[%emt 0:00:06]} Rc7 {[%emt 0:00:52]} 27. h4 {[%emt 0:04:58]} h6 {[%emt 0:02:33]} 28. Bf1 {[%emt 0:06:38]} Rdc8 {[%emt 0:09:00]} 29. Be2 {[%emt 0:15:18]} Qe5 {[%emt 0:02:22]} 30. Qe3 {[%emt 0:06:31]} Qxe3 {[%emt 0:00:49]} 31. Rxe3 {[%emt 0:00:07]} Ne7 {[%emt 0:01:19]} 32. Ra3 {[%emt 0:05:30]} Nc6 {[%emt 0:00:43]} 33. Bf1 {[%emt 0:02:23]} Ne5 {[%emt 0:00:48]} 34. c5 {[%emt 0:02:15]} bxc5 {[%emt 0:00:43]} 35. b5 {[%emt 0:00:07]} Rb8 {[%emt 0:01:13]} 36. Bg2 {[%emt 0:03:31]} Nd7 {[%emt 0:00:36]} 37. Ra8 {[%emt 0:06:41]} Rxa8 {[%emt 0:00:29]} 38. Bxa8 {[%emt 0:00:07]} Nb6 {[%emt 0:00:29]} 39. Bc6 {[%emt 0:00:07]} Rc8 {[%emt 0:01:19]} 40. Ra1 {[%emt 0:00:00]} Rb8 {[%emt 0:00:00]} 41. Kf1 {[%emt 0:07:43]} Nd5 {[%emt 0:14:35]} 42. Ke2 {[%emt 0:14:32]} Ne7 {[%emt 0:05:55]} 43. Kd3 {[%emt 0:01:59]} Rb6 {[%emt 0:07:06]} 44. Kc4 {[%emt 0:00:28]} Nxc6 {[%emt 0:00:09]} 45. Kxc5 {[%emt 0:00:05]} Rxb5+ {[%emt 0:00:06]} 46. Kxb5 {[%emt 0:00:05]} Ne5 {[%emt 0:00:12]} 47. f4 {[%emt 0:05:03]} Ng4 {[%emt 0:00:46]} 48. Kc6 {[%emt 0:00:47]} g6 {[%emt 0:00:52]} 49. h5 {[%emt 0:07:14]} gxh5 {[%emt 0:00:10]} 50. f5 {[%emt 0:00:15]} exf5 {[%emt 0:01:36]} 51. Rf1 {[%emt 0:00:06]} Kg7 {[%emt 0:01:07]} 52. Rxf5 {[%emt 0:00:06]} Kg6 {[%emt 0:00:48]} 53. Rf4 {[%emt 0:00:34]} f6 {[%emt 0:01:02]} 54. Kd6 {[%emt 0:00:51]} Kg5 {[%emt 0:00:44]} 55. Ke6 {[%emt 0:00:21]} Kg6 {[%emt 0:02:28]} 56. Rf5 {[%emt 0:00:51]} Kg7 {[%emt 0:00:37]} 57. Rxh5 {[%emt 0:00:07]} Kg6 {[%emt 0:00:05]} 58. Rf5 {[%emt 0:00:21]} h5 {[%emt 0:00:18]} 59. Ra5 {[%emt 0:02:03]} Kg7 {[%emt 0:01:15]} 60. Rxh5 {[%emt 0:00:24]} Kg6 {[%emt 0:00:11]} 61. Rf5 {[%emt 0:00:33]} Kg7 {[%emt 0:00:02]} 62. Rf4 {[%emt 0:01:18]} 1-0

[Event "1st Lasker Memorial GM 2019"]
[Site "Anogia"]
[Date "2019.09.18"]
[Round "8.2"]
[White "Alexakis, Dimitrios"]
[Black "Colijn, Stefan"]
[Result "1-0"]
[WhiteElo "2077"]
[BlackElo "2329"]
[Annotator "NA"]
[PlyCount "89"]
[EventDate "2019.09.11"]
[EventType "tourn"]
[EventCountry "GRE"]
[SourceTitle "playchess.com"]
[Source "ChessBase"]
[SourceQuality "1"]
[TimeControl "40/5400+30:1800+30"]

1. e4 {[%emt 0:04:54]} e5 {[%emt 0:00:00]} 2. Nf3 {[%emt 0:00:05]} Nc6 {[%emt 0:00:00]} 3. Bb5 {[%emt 0:00:40]} a6 {[%emt 0:00:26]} 4. Ba4 {[%emt 0:00:05]} Nf6 {[%emt 0:00:06]} 5. O-O {[%emt 0:00:05]} b5 {[%emt 0:00:13]} 6. Bb3 {[%emt 0:00:01]} Be7 {[%emt 0:00:08]} 7. d3 {[%emt 0:00:37]} O-O {[%emt 0:00:37]} 8. Re1 {[%emt 0:00:05]} d6 {[%emt 0:00:24]} 9. c3 {[%emt 0:00:12]} Na5 {[%emt 0:02:11]} 10. Bc2 {[%emt 0:00:01]} c5 {[%emt 0:00:08]} 11. Nbd2 {[%emt 0:00:09]} Nc6 {[%emt 0:01:11]} 12. Nf1 {[%emt 0:00:06]} h6 {[%emt 0:00:26]} 13. Ng3 {[%emt 0:00:40]} Re8 {[%emt 0:00:22]} 14. h3 {[%emt 0:04:03]} Bf8 {[%emt 0:00:07]} 15. Nh2 {[%emt 0:18:29]} g6 {[%emt 0:01:13]} 16. f4 {[%emt 0:01:24]} exf4 {[%emt 0:03:10]} 17. Bxf4 {[%emt 0:00:06]} Bg7 {[%emt 0:00:25]} 18. Nf3 {[%emt 0:00:41]} Ne5 {[%emt 0:04:37]} 19. Rf1 {[%emt 0:16:57]} Bb7 {[%emt 0:14:15]} 20. Qd2 {[%emt 0:05:43]} Kh7 {[%emt 0:01:30]} 21. Rae1 {[%emt 0:04:34]} Qd7 {[%emt 0:06:23]} 22. Nh2 {[%emt 0:16:24]} Ng8 {[%emt 0:11:59]} 23. Qf2 {[%emt 0:00:47]} Re7 {[%emt 0:01:55]} 24. d4 {[%emt 0:12:48]} cxd4 {[%emt 0:01:33]} 25. cxd4 {[%emt 0:00:02]} Nc6 {[%emt 0:00:06]} 26. Rd1 {[%emt 0:01:22]} Rd8 {[%emt 0:06:17]} 27. Ng4 {[%emt 0:01:16]} Qe8 {[%emt 0:01:03]} 28. d5 {[%emt 0:05:48]} Nb8 {[%emt 0:02:45]} 29. h4 {[%emt 0:03:20]} Bc8 {[%emt 0:00:18]} 30. Nh2 {[%emt 0:00:13]} Bxb2 {[%emt 0:09:58]} 31. h5 {[%emt 0:00:08]} Rc7 {[%emt 0:01:56]} 32. Bb1 {[%emt 0:03:04]} Be5 {[%emt 0:00:49]} 33. Bxe5 {[%emt 0:00:16]} Qxe5 {[%emt 0:00:06]} 34. Nf3 {[%emt 0:00:13]} Qe7 {[%emt 0:02:04]} 35. e5 {[%emt 0:01:19]} dxe5 {[%emt 0:02:28]} 36. Ne4 {[%emt 0:00:46]} Rcd7 {[%emt 0:01:44]} 37. Nh4 {[%emt 0:00:29]} Kg7 {[%emt 0:08:16]} 38. hxg6 {[%emt 0:00:32]} fxg6 {[%emt 0:00:11]} 39. Qg3 {[%emt 0:00:10]} Rd6 {[%emt 0:00:29]} 40. Nxd6 {[%emt 0:00:00]} Rxd6 {[%emt 0:00:00]} 41. Bxg6 {[%emt 0:03:53]} Rf6 {[%emt 0:04:09]} 42. Bf5+ {[%emt 0:00:19]} Kf8 {[%emt 0:00:11]} 43. Ng6+ {[%emt 0:00:18]} Rxg6 {[%emt 0:00:18]} 44. Bxg6+ {[%emt 0:00:12]} Nf6 {[%emt 0:00:06]} 45. Rxf6+ {[%emt 0:00:09]} 1-0